مرشد الطباخ الحديث / (رقم التسجيلة. 16367)

تفاصيل مارك
000 -LEADER
fixed length control field 00556nam a22001937a 4500
005 - DATE AND TIME OF LATEST TRANSACTION
control field 20251108164854.0
008 - FIXED-LENGTH DATA ELEMENTS--GENERAL INFORMATION
fixed length control field 250721s9999 xx 000 0 ara d
082 14 - DEWEY DECIMAL CLASSIFICATION NUMBER
Classification number 641.5/محم
100 1# - MAIN ENTRY--PERSONAL NAME
Personal name أبو السنون، محمد علي
245 10 - TITLE STATEMENT
Title مرشد الطباخ الحديث /
246 11 - VARYING FORM OF TITLE
Title proper/short title Le guide duguisinier moderne
264 1# - PRODUCTION, PUBLICATION, DISTRIBUTION, MANUFACTURE, AND COPYRIGHT NOTICE
Place of production, publication, distribution, manufacture القاهره :
Name of producer, publisher, distributor, manufacturer دار الكتب المصرية،
Date of production, publication, distribution, manufacture, or copyright notice [19-].
300 ## - PHYSICAL DESCRIPTION
Extent 270ص
650 17 - SUBJECT ADDED ENTRY--TOPICAL TERM
Topical term or geographic name as entry element الطبخ
650 17 - SUBJECT ADDED ENTRY--TOPICAL TERM
Topical term or geographic name as entry element الأغذية
700 1# - ADDED ENTRY--PERSONAL NAME
Personal name علي، بيتا
942 ## - ADDED ENTRY ELEMENTS (KOHA)
Source of classification or shelving scheme Dewey Decimal Classification
Koha item type كتب
المقتنيات
حالة السحب حالة الفقدان مصدر التصنيف حالة التلف غير قابل للإعارة المكتبة الرئيسية المكتبة الحالية موقع الرف تاريخ التزويد الرقم المتسلسل Total Checkouts رقم الإستدعاء تاريخ آخر ظهور تاريخ الفاتورة نوع المادة (كوها) الباركود
    Dewey Decimal Classification Unchecked   مكتبة الأميرة ايمان العامة مكتبة الأميرة ايمان العامة الإعارة 06/07/2004 6009   641.5/محم 28/07/2025 06/07/2004 كتب  
    Dewey Decimal Classification     مكتبة صويلح العامة مكتبة صويلح العامة الإعارة 20/06/2019 {7696}   641.5/محم 28/07/2025 20/06/2019 كتب PLD00454569
Implemented & Customized by: BBB with SCIT (Smart Chains for Information Technology)

Powered by Koha